Psychosocial, by Slipknot Lyrics - Statistics

General Stats
  • This quiz has been taken 11 times
  • The average score is 171 of 318
Answer Stats
Lyrics % Correct
a
100%
I
100%
and
91%
And
91%
The
91%
the
91%
did
82%
in
82%
my
82%
time
82%
wall
82%
when
82%
again
73%
against
73%
no
73%
one
73%
see
73%
So
73%
so
73%
throw
73%
want
73%
all
64%
else
64%
kill
64%
me
64%
ourselves
64%
out
64%
Psychosocial
64%
(psychosocial)
64%
rain
64%
us
64%
will
64%
are
55%
can
55%
cracks
55%
it
55%
martyr
55%
of
55%
Oh
55%
preservation
55%
reckoning
55%
there
55%
We
55%
we
55%
Yeah
55%
you
55%
cut
45%
doesn't
45%
fade
45%
is
45%
Is
45%
limits
45%
not
45%
sickening
45%
to
45%
vibrant
45%
But
36%
but
36%
dead
36%
deserts
36%
effusive
36%
Go
36%
I'm
36%
new
36%
nothing
36%
only
36%
soul
36%
subversion
36%
This
36%
this
36%
begun
27%
dig
27%
done
27%
drill
27%
fell
27%
graves
27%
killed
27%
mad
27%
money
27%
Packaging
27%
perversion
27%
road
27%
save
27%
secrets
27%
where
27%
your
27%
Your
27%
another
18%
fill
18%
getting
18%
gone
18%
had
18%
has
18%
killing
18%
laid
18%
lie
18%
mess
18%
mouth
18%
needs
18%
Pseudo-sacrosanct
18%
Sinking
18%
smaller
18%
temple
18%
Then
18%
what
18%
Who
18%
with
18%
Can't
9%
emptiness
9%
Fake
9%
giving
9%
hate
9%
have
9%
hearts
9%
hunting
9%
idea
9%
If
9%
insipid
9%
it's
9%
purple
9%
stop
9%
tell
9%
tried
9%
was
9%
we're
9%
wrong
9%
ant-fascist
0%
could
0%
eyes
0%
Just
0%
look
0%
Now
0%
over
0%
say
0%
season
0%
start
0%
there's
0%
think
0%
Venomous
0%
No matching quizzes found
Score Distribution
Percent of People with Each Score
Percentile by Number Answered
Your Score History
You have not taken this quiz